Minecraft - The Quiz - Statistics

General Stats
  • This quiz has been taken 227 times
  • The average score is 6 of 11
Answer Stats
Question Answer % Correct
What mob can carry blocks and teleport? Enderman
99%
Do you take fall damage while landing in lava? Yes
84%
Is Minecraft better than Fortnite? Yes
84%
Who created Minecraft? Notch
77%
What company now owns Minecraft? Mojang
72%
Who owns the bedwars winstreak record? (Hipixel) Technoblade
58%
What popular YouTuber who is married to Marzia is now playing Minecraft? PewDiePie
53%
Who hosts Minecraft Monday? Keemstar
36%
What game is considered Minecraft 2 and is made by Hipixel? Hytale
26%
What was the replacement for the nether in early versions of Minecraft PE? Nether Reactor
19%
What food can give you saturation even if you have full hunger bars? Chorus Fruit
4%
No matching quizzes found
Score Distribution
Percent of People with Each Score
Percentile by Number Answered
Your Score History
You have not taken this quiz